000 00521nam a2200169Ia 4500
008 110201s9999 xx 000 0 und d
082 _bB8572
_aKS 1280
100 _aशेवडे शैलजा
245 _aअग अग म्हशी
260 _bउन्मेश प्रकाशन
365 _b150
600 _aशेवडे शैलजा
630 _aअग अग म्हशी
700 _aशेवडे शैलजा
730 _aअग अग म्हशी
942 _cBOOK
999 _c834050
_d834047